000 00976nam a22002537a 4500
005 20240530110456.0
008 150604s2010 ua adk g b 000 0 ara d
017 _a2009/19254
_bمصر . دار الكتب المصرية
020 _a9789774114569
040 _aEG-CaGPL
082 0 4 _221
_a370.72\
_bأ ب
100 0 _aالسيد على شتا
245 1 2 _aالبحوث التربوية و المنهج العلمى /
_cالسيد على شتا
250 _aط1
260 _aالقاهرة :
_bالمكتبة المصرية للنشر و التوزيع ،
_c2010 .
300 _a260 ص :
_bايض ؛
_c24 سم .
504 _aيشتمل على ارجاعات ببليوجرافية
650 0 4 _aالتعليم
_xالبحوث التربوية
650 0 4 _aالتعليم
_xاغراضة و اهدافة
650 0 4 _aالعليم
_xتقارير
650 0 4 _aالتخطيط التربوى
942 _2ddc
_cBK
999 _c61361
_d61361